000 00696nam a2200229 a 4500
001 57537
003 BD-RjUL
005 20211209080526.0
008 161210s1984 hiu b s001 0 eng
020 _a0824808681
035 _a(BD-RjUL)57661
040 _aDLC
_cDLC
_dBD-RjUL
_beng
041 _aeng
082 0 0 _a305.40952
_223
_bLEJ 1984
100 1 _aLebra, Takie Sugiyama,
_d1930-
_9170859
245 1 0 _aJapanese women :
_bconstraint and fulfillment /
_cTakie Sugiyama Lebra.
260 _aHonolulu :
_bUniversity of Hawaii Press,
_cc1984.
300 _axi, 345 p. ;
_c24 cm.
504 _aIncludes Bibliographical References and Index
650 0 _aWomen
_zJapan
_9170860
942 _2ddc
_cBK
999 _c57537
_d57537